Rozpoznaj trenera po karierze #1 - Statystyki

Ogólne statystyki
  • Ten quiz został rozwiązany 49 razy
  • Średni wynik to 7 z 10
Statystyki odpowiedzi
Kariera Trener % Poprawnych
2001-2008 FSV Mainz 05 W-111 R-73 P-86 PNM-1,502008-2015 Borussia Dortmund W-181 R-65 P-73 PNM-1,91 2015-2024 Liverpool W-304 R-100 P-85 PNM-2,07 Jürgen Klopp
100%
2008-2012 FC Barcelona W-179 R-47 P-21 PNM-2,362013-2016 Bayern Monachium W-124 R-16 P-21 PNM-2,41 2016- Manchester CIty W-349 R-57 P-66 PNM-2,34 Pep Guardiola
100%
2003-2006 Lech Poznań W-44 R-26 P-36 PNM-1,492006-2007 Zagłębie Lubin W-20 R-7 P-8 PNM-1,91 2008-2009 Arka Gdynia W-6 R-7 P-11 PNM-1,04 2010-2011 Widzew Łódź W-8 R-4 P-5 PNM-1,65 2011 Jagiellonia W-6 R-4 P-8 PNM-1,22 2012 Polonia Warszawa W-2 R-1 P-4 PNM-1,00 2013 Podbeskidzie W-7 R-8 P-9 PNM-1,21 2015-2016 Pogoń Szczecin W-15 R-18 P-16 PNM-1,29 2016-2017 Termalica W-10 R-6 P-11 PNM-1,33 2017-2020 Polska U-21 W-14 R-7 P-6 PNM-1,81 2020-2021 Legia Warszawa W-31 R-9 P-15 PNM-1,85 2022 Polska W-5 R-3 P-5 PNM-1,38 2023 Abha W-3 R-0 P-6 PNM-1,00 2024 FAR Rabat W-0 R-0 P-0 PNM-0 Czesław Michniewicz
89%
2004-2006 Lorca Deportiva W-4 R-3 P-1 PNM-1,882006-2008 UD Almeria W-16 R-12 P-22 PNM-1,20 2008-2012 Valencia W-107 R-58 P-55 PNM-1,72 2012 Spartak Moskwa W-26 R-3 P-11 PNM-1,50 2013-2016 Sevilla W-107 R-43 P-55 PNM-1,78 2016-2018 PSG W-87 R-15 P-12 PNM-2,42 2018-2019 Arsenal W-43 R-15 P-20 PNM-1,85 2020-2022 Villarreal W-66 R-32 P-31 PNM-1,85 2022- Aston Villa W-44 R-16 P-23 PNM-1,78 Unai Emery
89%
2003-2004 Osasuna B W-2 R-2 P-4 PNM-1,002007-2010 Legia Warszawa W-53 R-19 P-19 PNM-1,96 2010 Polonia Bytom W-2 R-1 P-2 PNM-1,40 2011 Zagłębie Lubin W-7 R-8 P-10 PNM-1,16 2012-2013 Legia Warszawa W-45 R-15 P-19 PNM-1,91 2014-2015 Osasuna W-8 R-6 P-13 PNM-1,11 2015-2016 Lech Poznań W-21 R-8 P-15 PNM-1,61 2017-2018 Śląsk Wrocław W-14 R-9 P-18 PNM-1,24 2021-2022 Górnik Zabrze W-16 R-8 P-14 PNM-1,47 2023- Górnik Zabrze W-23 R-10 P-13 PNM-1,71 Jan Urban
84%
2009-2011 Red Bull Juniors Salzburg W-26 R-9 P-20 PNM-1,582013 Chorwacja U-21 W-5 R-0 P-1 PNM-2,50 2013-2015 Chorwacja W-10 R-5 P-4 PNM-1,84 2016-2018 Eintracht Frankfurt W-41 R-17 P-33 PNM-1,54 2018-2019 Bayern Monachium W-45 R-12 P-8 PNM-2,26 2020-2022 AS Monaco W-43 R-15 P-16 PNM-1,95 2022-2024 Wolfsburg W-23 R-17 P-26 PNM-1,30 Niko Kovac
71%
1998-2002 Preston NE W-103 R-53 P-55 PNM-1,722002-2013 Everton W-221 R-133 P-164 PNM-1,54 2013-2014 Manchester United W-26 R-10 P-15 PNM-1,73 2014-2015 Real Sociedad W-12 R-15 P-15 PNM-1,21 2016-2017 Sunderland W-8 R-7 P-28 PNM-0,72 2017-2018 West Ham W-9 R-10 P-12 PNM-1,19 2019-2024 West Ham W-103 R-43 P-84 PNM-1,53 David Moyes
69%
2001-2002 Fiorentina W-11 R-10 P-21 PNM-1,022002-2004 Lazio W-49 R-32 P-21 PNM-1,75 2004-2008 Inter Mediolan W-140 R-60 P-26 PNM-2,12 2009-2013 Manchester City W-113 R-38 P-40 PNM-1,97 2013-2014 Galatasaray W-25 R-12 P-9 PNM-1,89 2014-2016 Inter Mediolan W-36 R-18 P-23 PNM-1,64 2017-2018 Zenit W-22 R-13 P-10 PNM-1,76 2018-2023 Włochy W-39 R-13 P-9 PNM-2,13 2023- Arabia Saudyjska W-6 R-3 P-5 PNM-1,50 Roberto Mancini
69%
2013-2014 Francja U-21 W-6 R-2 P-0 PNM-2,502014-2016 Girondins Bordeaux W-35 R-27 P-26 PNM-1,50 2017 Bayern Monachium W-0 R-1 P-0 PNM-1,00 2021- Gruzja W-18 R-6 P-14 PNM-1,58 Willy Sagnol
42%
2008-2010 Ajax U-19 W-20 R-3 P-7 PNM-2,102010-2016 Ajax W-158 R-58 P-47 PNM-2,02 2016 Inter Mediolan W-5 R-2 P-7 PNM-1,21 2017 Crystal Palace W-1 R-0 P-4 PNM-0,60 2019-2020 Atlanta United FC W-31 R-5 P-19 PNM-1,78 2020-2021 Holandia W-8 R-4 P-3 PNM-1,87 2023 Al-Jazira Club W-6 R-3 P-5 PNM-1,50 Frank de Boer
36%
Nie znaleziono quizów pasujących do podanych kryteriów
Rozkład punktacji
Procent ludzi z każdym wynikiem
Percentyl według liczby udzielonych odpowiedzi
Twoja historia wyników
Nie rozwiązałeś tego quizu